[Event "Morelia/Linares 23rd"]
[Site "Morelia/Linares"]
[Date "2006.02.26"]
[Round "7"]
[White "Svidler, Peter"]
[Black "Radjabov, Teimour"]
[Result "1/2-1/2"]
[WhiteElo "2765"]
[BlackElo "2700"]
[Annotator "Finkel,A"]
[PlyCount "83"]
[EventDate "2006.02.18"]
[EventType "tourn"]
[EventRounds "14"]
[EventCountry "ESP"]
[EventCategory "20"]
[SourceTitle "CBM 112"]
[Source "ChessBase"]
[SourceDate "2006.06.07"]
[SourceVersion "1"]
[SourceVersionDate "2006.06.07"]
[SourceQuality "1"]

1. e4 c5 2. Nf3 Nc6 3. Bb5 e6 4. O-O Nge7 5. c3 a6 6. Be2 {An unpretentious
move aimed to deviate from the sharp lines arising after 6.Ba4.} d5 7. exd5
Nxd5 8. d4 cxd4 9. Nxd4 Bd6 10. Nxc6 bxc6 11. Bf3 {The arising position is
more typical for the Alapin variation, than for Rossolimo. I guess it's one of
the reasons for which Radjabov didn't feel very comfortable as the game was
unfolding.} (11. c4 Ne7 12. Bd2 O-O 13. Bc3 Qc7 14. g3 Rd8 15. Bd3 c5 16. Be4
Bb7 17. Nd2 Bxe4 18. Nxe4 Be5 $15 {Samojlov,A-Fazulyanov,S/Russia 2000}) 11...
Qc7 (11... O-O 12. Nd2 f5 13. Nb3 Bb7 14. Nd4 Qf6 15. c4 Ne7 16. Re1 e5 17. Qb3
Bc5 18. Bg5 Qxg5 19. Ne6 Qf6 20. Nxc5 Bc8 $13 {Rogovski,V-Moiseenko,A/
Ordzhonikidze 2000}) 12. g3 O-O 13. Nd2 e5 (13... Bb7) 14. c4 Nf6 {The most
natural response as playing 14...Ne7 looks dangerous for Black, however it's
not so easy to prove it.} (14... Ne7 $5 15. Ne4 Nf5 16. Nxd6 Nxd6 17. Re1 Nf5
18. Be4 Be6 $13) 15. Qc2 Rb8 $6 {This move turns out to be the waste of a
tempo, so more in the spirit of the position was} (15... Be6 16. b3 Bc5 17. Bb2
Bd4 (17... Rad8 $6 18. Ne4 Nxe4 19. Qxe4 {[%csl Rc6,Re5]} f6 20. Qxc6 Qxc6 21.
Bxc6 Rd6 22. Bf3 Rfd8 23. Bc1 $14) 18. Bxd4 exd4 19. c5 Rad8 $11 {and Black's
bishop is on e6 instead of c8.}) 16. b3 Bc5 17. Bb2 Bd4 18. Bxd4 exd4 19. c5 $8
Rd8 20. Nc4 Nd7 $6 {A dubious decision. Once again putting a bishop on e6 was
called for.} (20... Be6 21. Nd6 $140 Nd7 22. Rfd1 Nxc5 23. Rxd4 (23. Nxf7 $2
Qxf7 $19 {[%csl Rf3]}) 23... Nxb3 24. axb3 Rxd6 25. Rxd6 Qxd6 $11) 21. Rfe1
Nxc5 22. Ne5 Ne6 23. Qxc6 (23. Nxc6 $6 Bb7 {[%cal Gd4d3]}) 23... Bb7 $6 {
The endgame is pretty tough for Black so may be it was better to keep the
queens on the board.} (23... Qa5 $5) 24. Qxc7 Nxc7 25. Bxb7 Rxb7 26. Nc6 Rd6
27. Rac1 Kf8 (27... g6 28. Na5 (28. Nxd4 Rxd4 29. Re7 Rd2 $11) 28... Rb5 29.
Nc4 Rd7 $14) 28. Na5 Ra7 29. Red1 $16 {[%csl Rd4] Black's pieces are misplaced
and the pawn on d4 is weak, so things are looking grim for Black at this point.
} (29. Rc5 $5) 29... Ne8 30. Rc8 (30. Rc4 $5 Rad7 (30... d3 31. Nc6 Rc7 32. Ne5
$16) 31. Nc6 d3 32. Ne5 Rd8 33. Rc3 f6 34. Nc4 $1 Rd5 35. Nb2 $16) 30... Rc7
31. Ra8 Rc2 32. Nc4 Re6 33. Rxd4 $2 {This allows Black to escape. Much better
was} (33. a4 $1 {with the idea to distract Black's rook from the second rank.}
Rc3 34. Rxd4 Rxb3 35. Rdd8 $16) 33... Rxa2 34. Rdd8 h5 35. Nd6 Ke7 $1 $11 36.
Nf5+ (36. Nxe8 $2 Re1+ 37. Kg2 Ree2 $44) 36... Kf6 37. Ne3 Nd6 38. Nd5+ Kg5 39.
Nf4 Re1+ 40. Kg2 Nf5 41. Re8 Rxe8 42. Rxe8 1/2-1/2

[Event "Morelia/Linares 23rd"]
[Site "Morelia/Linares"]
[Date "2006.03.03"]
[Round "8"]
[White "Radjabov, Teimour"]
[Black "Aronian, Levon"]
[Result "1/2-1/2"]
[WhiteElo "2700"]
[BlackElo "2752"]
[Annotator "Ribli,Z"]
[PlyCount "57"]
[EventDate "2006.02.18"]
[EventType "tourn"]
[EventRounds "14"]
[EventCountry "ESP"]
[EventCategory "20"]
[SourceTitle "CBM 112"]
[Source "ChessBase"]
[SourceDate "2006.06.07"]
[SourceVersion "1"]
[SourceVersionDate "2006.06.07"]
[SourceQuality "1"]

1. d4 Nf6 2. c4 e6 3. Nf3 d5 4. Nc3 Bb4 {Eine kleine Überraschung für Weiß -
Aronian spielt selten die sogenannte Ragozin-Variante.} 5. cxd5 exd5 6. Bg5
Nbd7 7. e3 c5 8. Bd3 (8. dxc5 Qa5 9. Nd2 (9. Rc1 Ne4 10. Qxd5 Nxc3 11. bxc3
Bxc3+ 12. Kd1) 9... Ne4 10. Ndxe4 dxe4 11. Qd4 O-O 12. a3 Bxc3+ 13. Qxc3 Qxc3+
14. bxc3 Re8 15. Bb5 Re5 $11) 8... Qa5 (8... c4 9. Bc2 Qa5 10. O-O Bxc3 11.
bxc3 Qxc3 $5 (11... Ne4 12. Bh4 Qxc3 (12... Ndf6 13. Bxf6 Nxf6 14. Qc1 O-O 15.
a4 Bd7 16. Ne5 Bc6 17. Qb2 Rab8 18. Rfb1 Rfe8 19. Nxc6 {1-0 Cvitan,O-Becker,M/
St.Ingbert op 1995/EXT 95op (19)}) 13. Rc1 Qa3 14. Bxe4 dxe4 15. Nd2 O-O 16.
Nxe4 $1 {1-0 Gelfand,B-Lautier,J/Belgrade 1991/CBM 27/ 27}) 12. Rc1 {[%cal
Gc1c3]} Qa3 (12... Qa5 13. Ne5 O-O 14. f4 $1 Re8 15. Nxd7 $1 Nxd7 16. Qh5 {
1-0 Moreno,A-Vilela,J/La Habana (m/5) 1997 (24)}) 13. Ne5 b5 14. Nxd7 Bxd7 (
14... Nxd7 15. e4 h6 16. Bh4 Nb6 17. Re1 O-O 18. e5 Na4 19. Re3 Qxa2 20. Rg3
Qb2 21. Qd2 $40 {1-0 Pafnutieff,V-Bisguier,A/Hollywood 1954/EXT 99 (39)}) 15.
Qf3 (15. Bxf6 gxf6 16. Qf3 {[%cal Rf3f6,Rf3d5]} (16. e4 $13) 16... Qd6 17. e4
$44) 15... Qd6 {[%csl Gd6] 0-1 Khenkin,I-Milov,V/Polanica Zdroj 1999/CBM 073/
[Ribli] (40)}) 9. O-O c4 10. Bf5 Bxc3 11. bxc3 Ne4 (11... Qxc3 12. Rc1 (12.
Bxf6 Nxf6 (12... gxf6 13. Qa4) 13. Qa4+ Bd7 (13... Ke7 $5 14. Rfc1 b5 15. Qxb5
Qa3) 14. Bxd7+ Nxd7 15. Ne5 Rd8 16. Rfe1 Qb2 17. Rab1 b5 18. Qxa7) 12... Qa3 (
12... Qa5) 13. e4 Nxe4 14. Bxe4 dxe4 15. Nd2 Nb6 16. Nxe4 Nd5 17. Rxc4 O-O 18.
Rc5 Be6 19. Qd2 f6 20. Bh4 Rfd8 {1/2-1/2 Gurevich,M-Milov,V/Cannes 2005/CBM
105 ext (43)}) 12. Qc2 Ndf6 (12... Qxc3 $4 13. Bxe4 $18) (12... Nxc3 $2 13. e4
$36 (13. Rac1)) 13. Bxc8 Rxc8 14. Bxf6 Nxf6 15. Rfb1 (15. Nd2 O-O 16. Rfb1 Qc7
(16... b6) 17. e4 dxe4 18. Nxe4 Nxe4 19. Qxe4 Rfe8 20. Qf3 Re7 21. Re1 Rce8 22.
Rxe7 Qxe7 23. g3 b6 24. Kg2 g6 25. Rd1 Qe2 26. d5 $36 {1-0 Kavalenia,
L-Kolmakov,P/Dubna 2000/EXT 2002 (39)}) (15. Rab1 b5 (15... b6) 16. Rb4 O-O 17.
Rfb1 Ne4 18. Nd2 Nd6 19. a4 a6 20. e4 dxe4 21. Nxe4 Nxe4 22. Qxe4 Rfe8 23. Qc2
Rcd8 24. g3 {1-0 Nowak,I-Bozek,A/Poznan 1987/TD 87\06 (51)}) 15... b6 {Diese
natürliche Fortsetzung ist eine theoretische Neuerung. Schwarz muss den
b-Bauern verteidigen.} (15... Rc7 16. a4 (16. Rb4 b6 17. a4 O-O 18. Rb5 (18.
Rab1) 18... Qa6 19. Ne5 Rb8 20. Qf5 $6 (20. Rab1) 20... Qb7 21. f3 Ne8 $1 {
0-1 Tarjan,J-Lein,A/Greenville 1983/MCL/66)}) 16... Ne4 17. Rb4 O-O 18. Nd2 Nd6
19. Qd1 Re8 20. Qf3 Re6 21. g3 Rce7 22. Rab1 Rf6 23. Qg2 h5 {1/2-1/2 Krallmann,
M-Kalka,A/Germany 2004/EXT 2005 (40)}) 16. Rb4 Qa6 17. Nd2 {[%cal Gf2f3,Ge3e4]
Weiß geht weg mit dem Springer von f3 und bereitet die traditionelle Besetzung
des Zentrums mit f3-e4 vor.} O-O 18. f3 Nh5 $1 {[%mdl 32] Ein origineller Plan
- nach 19.e4 möchte Schwarz 19...Nf4 ziehen.} 19. g3 (19. a4 $1 {Auf diese
Weise kann Weiß das mögliche schwarze Gegenspiel mit b6-b5 verhindern.}) 19...
Rce8 20. e4 (20. Re1 f5 $1 $132 {[%cal Gf5f4]}) 20... b5 $1 $132 {[%cal Ga6g6]
Weiß hat eine starke Zentrumsstellung, Schwarz muss etwas Gegenspiel finden.
Mit dem Textzug kann die Dame auf das g6-Feld zielen.} 21. Re1 Qg6 {[%cal
Gg6g1,Gh5g3]} 22. Rxb5 (22. Kf2 a6 23. a4 dxe4 24. fxe4 f5 25. e5 Qg5 $1 (25...
Qg4 26. Qd1 Qh3 27. Nf3 f4 28. g4 $1 $36) 26. Nf3 Qg4 {[%cal Gf5f4]}) 22...
dxe4 23. fxe4 Nxg3 {[%mdl 128] Mit diesem Springeropfer kann Schwarz das Remis
erreichen.} 24. hxg3 Qxg3+ 25. Kf1 Qf4+ 26. Ke2 Qg4+ 27. Kf2 (27. Nf3 $4 Qg2+)
27... Qh4+ 28. Ke2 Qg4+ 29. Kf2 1/2-1/2

[Event "Morelia/Linares 23rd"]
[Site "Morelia/Linares"]
[Date "2006.03.05"]
[Round "10"]
[White "Ivanchuk, Vassily"]
[Black "Radjabov, Teimour"]
[Result "0-1"]
[WhiteElo "2729"]
[BlackElo "2700"]
[Annotator "Mikhalevski,V"]
[PlyCount "88"]
[EventDate "2006.02.18"]
[EventType "tourn"]
[EventRounds "14"]
[EventCountry "ESP"]
[EventCategory "20"]
[SourceTitle "CBM 112"]
[Source "ChessBase"]
[SourceDate "2006.06.07"]
[SourceVersion "1"]
[SourceVersionDate "2006.06.07"]
[SourceQuality "1"]

1. d4 Nf6 2. c4 g6 3. Nc3 Bg7 4. e4 d6 5. Nf3 O-O 6. Be2 e5 7. Be3 exd4 8. Nxd4
c6 {[%cal Gd6d5]} 9. f3 Re8 10. Bf2 d5 11. exd5 cxd5 12. O-O Nc6 13. c5 Nh5 14.
Qd2 Be5 {[%cal Gh5f4,Gh5g7]} 15. g3 Ng7 {[%csl Rd5][%cal Gg7f5,Gg7e6] A
well-known line, in which very tough positions arise. The main issues are the
weakness on d5 and the blockade on d4.} (15... Bh3 {A senseless move since it
forces the rook to a more active square, while the bishop will stay on h3 out
of play.} 16. Rfe1 $1 Ng7 17. Rad1 $1 $146 Rc8 18. Ndb5 $16 {[%csl Rd5]
Kasparov,G-Carlsen,M Rapid Reykjavik rapid 2004/CBM100[Avrukh,B].}) 16. Rfd1
Be6 {The key-position of the line has arosen. Black has just completed
development and now wants to challenge the centre. One of the ideas is a
double exchange on d4 followed by Nf5.} (16... Ne6 {is the main alternative.})
17. Bb5 $5 {[%csl Rc6] The most logical continuation, which however wasn't yet
tested on the GM level. White pins the knight on c6 and thus reduces pressure
on the centre.} ({Other options are} 17. Nxe6) (17. Bf1 {Black equalized
without problems realizing his main idea, although White's help was essential.}
Bxd4 (17... Qe7 $5) (17... Rc8 18. Nxe6 fxe6 19. f4 Bf6 20. Nb5 Be7 21. Rac1
$14 {Sasikiran,K-Ramaswamy,M, Hyderabad, 2000/ CBM79.[Huzman].}) 18. Bxd4 Nxd4
19. Qxd4 Nf5 20. Qf2 d4 21. Nb5 Qe7 22. Nxd4 {This makes Black's task easier.}
(22. g4 $5 {would be a real test of Black's idea.}) 22... Qxc5 23. Nxe6 Qxf2+
24. Kxf2 Rxe6 25. Rd7 Rd6 (25... Rc8 $5) 26. Rxd6 (26. Rd1 $5) 26... Nxd6 27.
Rd1 Rd8 28. Rd4 Kf8 29. Bd3 Ke7 30. Ke3 Rc8 $11 {Kruppa,Y-Volokitin,A/
Halkidiki GRE 2002.}) (17. Ncb5 {[%csl Gd4] taking an additional control of
the d4-square makes sense.} Qd7 (17... Bh3 $5) 18. Nxe6 fxe6 19. f4 Bf6 $14 {
Halkias,S-El Arousy,A/Tanta City EGY 2002.}) ({The straightforward} 17. f4 {
proved to be insufficient for getting advantage, although White's play can
possibly be improved.} Bxd4 18. Bxd4 Nf5 19. Bf2 d4 20. Nb5 Qe7 21. Bd3 (21.
Bf3 $5) 21... a6 $1 22. Bxf5 axb5 23. Be4 ({In case of} 23. Bxe6 Qxe6 24. Bxd4
Red8 25. Qf2 Rxa2 {Black is at least not worse.}) 23... Qxc5 (23... Bg4 $5 24.
Re1 Qxc5 $11) 24. Bxd4 Nxd4 25. Qxd4 Qxd4+ 26. Rxd4 Rxa2 27. Rxa2 Bxa2 28. Bxb7
$11 {Gelfand,B-Van Wely,L/Wijk aan Zee 1996.}) 17... Qd7 {[%cal Ga8d8]
Radjabov connects the rooks and prepares strengthening of the centre by means
of Rad8.} ({In the only preceding game Black protected the knight by means of} 
17... Rc8 18. Bxc6 $6 bxc6 19. Rac1 Bd7 (19... a5 $5) 20. b4 Ne6 21. b5 $6 (21.
Nxe6 $5 Bxe6 22. Bd4 $14) 21... Ng5 $1 $15 {[%csl Rf3][%cal Gg5h3] 1-0 Gutov,
A-Ershova,S/Omsk/Perm 1998.}) 18. Rac1 {Bringing the last piece into play.} ({
The regrouping of rooks} 18. Re1 Bh3 19. Rad1 {deserves attention although it
doesn't looks consistent after 16.Rfd1.}) (18. Nxe6 {strengthening Black's
centre doesn't seem to be dangerous for Black.} fxe6 19. f4 Bf6 20. Ne4 Be7 {
and Black is pretty solid. 1/2-1/2 Markus,R-Nataf,I/Vrnjacka Banja 2005/EXT
2006.}) 18... a6 {Forcing White to determine a diagonal for the bishop.} 19.
Ba4 {White decides to keep the knight c6 pinned.} Rad8 20. b4 {Now he
strengthens his position on the queenside.} Bh3 $1 {Preparing Nf5 or maybe
just waiting.} 21. Qh6 {[%csl Rh3][%cal Gd4c6]} (21. Re1 $5 {was interesting
preparing to meet} Nf5 {with} 22. Nxc6 bxc6 23. g4 Ng7 24. Qh6 {although an
exchange sacrifice} Bxg4 25. Rxe5 Rxe5 26. Qf4 Rf5 27. Qxg4 Ne6 28. Bg3 Rh5 $1
{with the idea of f5 promises counterplay.}) 21... Be6 $1 {Preventing a series
of exchanges on c6 with Qxh3 to follow.} 22. a3 {Ivanchuk stabilizes his
position on the queenside.} (22. Ne4 {[%cal Ge4g5] with the idea of Ng5 looks
dangerous for Black, but somehow the latter saves his skin} Nf5 23. Nxf5 Bxf5
24. Ng5 ({I believe that after} 24. Bxc6 $5 bxc6 25. Nd6 $1 Re7 26. Bd4 f6 $14
{White is slightly better thanks to his strong knight on d6.}) 24... f6 25.
Rxd5 Qxd5 $1 26. Qxh7+ Kf8 27. Bb3 ({White can force a draw with} 27. Qh6+ Kg8
28. Qh7+) 27... fxg5 28. Bxd5 Rd7 $1 (28... Rxd5 29. Qxb7 $16 {is dangerous
for Black.}) 29. Qg8+ (29. Qh6+ Bg7 30. Qxg5 Rxd5 $17) 29... Ke7 30. Qf7+ Kd8 {
[%csl Rf7] Suddenly the queen is traped on f7.} 31. Rd1 $1 Rxf7 32. Bxf7+ Ke7
33. Bxe8 Kxe8 {and Black is at least not worse.}) 22... Qc8 $1 {[%cal Ge5d4]
Black prepares exchanges on d4 followed by Nf5. So} 23. Qg5 Qc7 {[%csl Ge5]
Protecting the bishop on e5.} 24. Qd2 (24. f4 {deserved attention.} Bxd4 (24...
f6 25. Nxe6) 25. Bxd4 Nxd4 26. Rxd4 Rf8 {with the idea of f6 and Nf5 to follow.
} 27. Qf6 $1 $14 (27. g4 f6 28. Qh4 g5 $1 {creating counterplay.}) {with the
idea} 27... Nh5 28. Qe5 $1 (28. Qh4 Ng7 29. Bc2 (29. Qf6 $5) 29... b6 $1 30.
Na4 bxc5 31. Nxc5 Bf5 $1 {and Black is fine.}) 28... Qxe5 29. fxe5 f6 30. Re1
$14) 24... Rf8 $1 {Unpinning the knight on c6.} 25. Bc2 (25. Nce2 $5 {
Supporting the knight on d4 was logical.}) 25... Bc8 {[%csl Rd4][%cal Gg7e6]
Black prepares an exchange of the blocking knight by means of Ne6.} 26. Bb3 Ne6
$1 {Black has completed a nice regrouping of pieces.} 27. Nde2 $6 {I believe
White had to keep the d-pawn blocked.} (27. Nce2 {With a firm blockade on d4
was much safer.}) (27. Nc2 $6 d4 28. Nd5 Qb8 29. Re1 Bg7 30. Re4 Nc7 $1 {
With a good position.}) 27... d4 {Finally the d-pawn goes forward.} 28. Nd5 Qb8
{Black is ready to exchange the knight on d5 by means of Nc7 which will open a
way to the d-pawn.} 29. f4 (29. a4 {leads to equality after} Nc7 30. Nxc7 Qxc7
31. b5 axb5 32. axb5 d3 33. bxc6 dxe2 34. Qxe2 bxc6 $11) 29... Bg7 30. Qd3 $2 {
This is already a serious mistake. We all know that queen is a bad blocker,
but even the top players forget about it.} ({Now} 30. a4 {is strongly met by}
Nc7 31. Nxc7 Qxc7 32. b5 Bh3 $3 {and the knight on c6 is untouchable in view
of the weakness of light squares.}) (30. Qa2 $1 {Preventing} Nc7 $2 {Now it
doesn't work in view of} 31. Nxd4 $16 {and the knight on d5 is protected.})
30... Nc7 $1 31. Nb6 $2 {Something had definitely affected Ivanchuk's play at
this stage of the game, probably time-trouble.} ({After the correct} 31. Qf3
Be6 32. Nb6 Bxb3 33. Qxb3 Rfe8 34. Qf3 {White is still not worse.}) 31... Bf5
$17 {[%csl Gd4] Now the d-pawn will be unstoppable.} 32. Qd2 (32. Qf3 {would
be a tougher defense, although White is already in trouble anyway.} d3 33. g4
dxe2 34. Rxd8 Qxd8 35. gxf5 Nd4 36. Qd3 Nxb3 37. Qxb3 Qd2 38. Re1 Bd4 39. Kg2
Bxf2 40. Kxf2 Qxf4+ 41. Kg2 Re8 $19) 32... d3 {Each step forward of the d-pawn
increases Black's advantage.} 33. Nc3 Nd4 34. Bxd4 Bxd4+ 35. Kg2 Rfe8 $1 $19 {
[%cal Gd4e3] Creating a threat of Be3.} 36. Re1 Bxc3 37. Qxc3 Be4+ 38. Kf2 ({
The immediate} 38. Rxe4 {doesn't change much.} Rxe4 39. Rd1 Rdd4 $1 {Preparing
Qd8 and preventing} 40. Rxd3 $2 {, which loses to} Re2+ $1 41. Kf1 Nb5 $19)
38... d2 {Third step forward and White has to give up an exchange.} 39. Rxe4
Rxe4 40. Rd1 Red4 41. Bc4 ({or} 41. Nc4 Nb5 42. Qb2 Rxf4+ $1 {with the idea}
43. gxf4 (43. Kg1 {is better.}) 43... Qxf4+ 44. Kg1 Qg4+ 45. Kf2 Rd5 46. Nxd2
Rf5+ 47. Ke3 Qh3+ 48. Ke2 Nc3+ 49. Ke1 (49. Qxc3 Qxc3 $19) 49... Qe3#) 41...
Ne8 $1 {[%cal Ge8f6,Gf6e4] Radjabov transfers his knight to f6.} (41... Na8 $1
{exchanging the knight on b6 was also strong.}) 42. Qe3 {[%csl Rf7][%cal Ge3e7]
} Kf8 {Preventing an idea of Qe7.} 43. Qe5 Qxe5 44. fxe5 Nc7 {and eventually
White realized that he has no compensation for the exchange and resigned.  The
positions which arise from this line are very tense and one who wants to play
it has to know to calculate variations very well. Each move is very essential
and a price of each mistake is very high. Despite White's loss in this game
Ivanchuk's idea 17.Bb5 deserves further tests.} 0-1

[Event "Morelia/Linares 23rd"]
[Site "Morelia/Linares"]
[Date "2006.03.07"]
[Round "11"]
[White "Radjabov, Teimour"]
[Black "Topalov, Veselin"]
[Result "1/2-1/2"]
[WhiteElo "2700"]
[BlackElo "2801"]
[Annotator "CB"]
[PlyCount "51"]
[EventDate "2006.02.18"]
[EventType "tourn"]
[EventRounds "14"]
[EventCountry "ESP"]
[EventCategory "20"]
[SourceTitle "CBM 112"]
[Source "ChessBase"]
[SourceDate "2006.06.07"]
[SourceVersion "1"]
[SourceVersionDate "2006.06.07"]
[SourceQuality "1"]

1. e4 e5 2. Nf3 Nc6 3. Bb5 Nf6 {Topalov seems to have not been put off by the
defeat in the first round of the Morelia half and manifests his intention to
play the Berlin variation again.} 4. d3 {But Radjabov does not seem to be
prepared for a theoretical dispute.} Bc5 ({Topalov has played this already
against Anand in San Luis. Another common reaction is} 4... d6) 5. Bxc6 $5 {
Radjabov chooses a quiet plan. After this exchange, White will be left with
the more flexible pawn structure, without any danger of losing. Could he have
hoped that Topalov will be overdoing it in the attempt of complicating the
fight, just as he did in the first game of their mini-match?} dxc6 6. Qe2 Bg4
7. Nbd2 Nd7 8. h3 Bxf3 9. Nxf3 Qe7 10. c3 O-O 11. O-O Rfe8 12. Re1 Rad8 13. Bd2
Nf8 14. Rad1 Bb6 15. Be3 {#} c5 {A slightly paradoxical but entirely adequate
decision. Black prevents the thematic oepning of the centre by means of d4,
which would leave White with an extra-pawn on the king side.} 16. a3 Rd7 17. b4
f6 18. Qc2 Ne6 {Consolidating the control of the d4-square.} 19. Qb3 Qf7 20.
Qc4 Red8 21. Rd2 cxb4 22. axb4 h6 23. Kf1 c6 24. Red1 Bxe3 25. fxe3 Re8 26. Kg1
{White's only constructive plan would be to play d4, but this would seriously
weaken the e4-pawn. Therefore, the decision whether to offer a draw does not
really seem premature.} 1/2-1/2